|
|
|
|
| LEADER |
01134nam a2200289 a 4500 |
| 001 |
13610407 |
| 008 |
091122s2005 ohua b 000 0 eng d |
| 010 |
|
|
|a 2004273125
|
| 020 |
|
|
|a 0324171854
|
| 040 |
|
|
|a DLC
|c DLC
|d DLC
|
| 082 |
0 |
4 |
|a 338.9
|2 21
|
| 100 |
1 |
|
|a Vietor, Richard H. K.,
|d 1945-
|
| 245 |
1 |
0 |
|a Globalization & growth :
|b case studies in national economic strategies /
|c Richard H.K. Vietor.
|
| 246 |
3 |
|
|a Globalization and growth
|
| 250 |
|
|
|a 2nd ed.
|
| 260 |
|
|
|a Mason, Ohio :
|b Thomson/South-Western,
|c c2005.
|
| 300 |
|
|
|a viii, 391 p. :
|b ill. ;
|c 28 cm.
|
| 504 |
|
|
|a Includes bibliographical references.
|
| 541 |
1 |
|
|e 00017359
|
| 650 |
|
0 |
|a Economic policy
|v Case studies.
|
| 650 |
|
0 |
|a Capitalism
|v Case studies.
|
| 650 |
|
0 |
|a Mixed economy
|v Case studies.
|
| 650 |
|
0 |
|a International economic integration
|v Case studies.
|
| 650 |
|
0 |
|a Globalization
|v Case studies.
|
| 852 |
4 |
|
|a Ayesha Abed Library
|j General Shelf
|
| 999 |
|
|
|c 5909
|d 5909
|
| 952 |
|
|
|0 0
|1 0
|2 ddc
|4 0
|6 338_900000000000000_VIE_2005
|7 0
|9 5897
|a BRACUL
|b BRACUL
|c GEN
|d 2009-12-06
|g 500.00
|l 2
|m 1
|o 338.9 VIE
|p 3010017359
|r 2016-05-29
|s 2016-05-22
|t 1
|v 1000.00
|w 2009-12-06
|y BK
|